000 00672nam a2200241Ia 4500
003 OSt
005 20220927112826.0
006 a|||||r|||| 00| 0
007 ta
008 220926b |||||||| |||| 00| 0 eng d
024 _a149934
037 _cReports
040 _aRTL
_cRTL
_beng
041 _2eng
_aeng
082 _a"X9(J):6.252.N52t, J4/GD"
110 _aMadhya Pradesh Taccavi Policy
_9384239
245 0 _aReport on the taccavi policy committee
260 _c1954
300 _a118p
_ccm.
700 _aMadhya Pradesh Taccavi Policy
_9384240
942 _h"X9(J):6.252.N52t, J4/GD"
_cCC
999 _c700686
_d700686